000 00601nam a2200205Ia 4500
005 20250923145120.0
008 008 250917s9999 xx 000 0 eng d
037 _aTextual
040 _aDSWL
_beng
_cDSWL
041 _aeng
_2eng
084 _aYX,Z!-z46-J3, N67
_qDSWL
245 0 _aPublic relations in health and welfare
_cEd.by F. Schmidi
260 _aNew York
_b Columbia University Press
_c1966
300 _axvi,418 p.
365 _aINR
_b58
700 _aH.N. Weiner
_9831936
925 _g58
942 _cTEXL
_hYX,Z!-z46-J3, N67
999 _c1447311
_d1447311